00586cam a22001812 4500001001100000005001700011008004100028020002600069040001500095050002200110100003100132245009100163260002900254300001500283600005100298650005200349852000300401000000080020151217151757.0070220s xx 000 0 eng d a996685553x :cKES 600 aKABUcKABU 0aBX5700.55b.K5K371 aKaranja, J. K.@000014917010aFounding an African faith :bKikuyu Anglican Christianity 1900- 1945 /cJ. K. Karanja. aNairobi :bUzima,c1999. axi, 304 p.10aKikuyu (African people)xReligion.@0000149171 0aAnglican communionxHistoryzKenya.@00001491721